MICROBIOLOGY (Record no. 11633)

MARC details
000 -LEADER
fixed length control field 00334nam a22001577a 4500
003 - CONTROL NUMBER IDENTIFIER
control field SGT
020 ## - INTERNATIONAL STANDARD BOOK NUMBER
International Standard Book Number 978-0-07-462320-6
082 ## - DEWEY DECIMAL CLASSIFICATION NUMBER
Classification number 616.01
Item number M17P
100 ## - MAIN ENTRY--PERSONAL NAME
Personal name PELCZAR, MICHAEL.J.
245 ## - TITLE STATEMENT
Title MICROBIOLOGY
250 ## - EDITION STATEMENT
Edition statement 5TH
260 ## - PUBLICATION, DISTRIBUTION, ETC. (IMPRINT)
Place of publication, distribution, etc CHENNAI
Name of publisher, distributor, etc MC.GRAWHILL
Year of Publication 2017
300 ## - PAGE DESCRIPTION
No. of Pages 918
650 ## - SUBJECT ADDED ENTRY--TOPICAL TERM
Topical term or geographic name as entry element PHARMACY
942 ## - ADDED ENTRY ELEMENTS (KOHA)
Source of classification or shelving scheme Dewey Decimal Classification
Koha item type Books
942 ## - ADDED ENTRY ELEMENTS (KOHA)
-- 6
Holdings
Withdrawn status Lost status Source of classification or shelving scheme Damaged status Use restrictions Not for loan Collection code Home library Current library Shelving location Date acquired Vendor Name Cost, normal purchase price SGTU Bill Number Full call number Accession No. (Barcode) Date last seen Bill Date Koha item type Total Checkouts Date last borrowed
    Dewey Decimal Classification   Restricted Access   PHARMACY SGT FA-FP Library SGT FA-FP Library Reference Book 30/05/2017 AHUJA PUB 850.00 SGTU 8043 616.01 M17P FP2339 30/05/2017 11/04/2017 Books    
    Dewey Decimal Classification       PHARMACY SGT FA-FP Library SGT FA-FP Library Text Book 30/05/2017 AHUJA PUB 850.00 SGTU 8043 616.01 M17P FP2340 05/12/2025 11/04/2017 Books 6 05/12/2025
    Dewey Decimal Classification       PHARMACY SGT FA-FP Library SGT FA-FP Library Text Book 30/05/2017 AHUJA PUB 850.00 SGTU 8043 616.01 M17P FP2341 17/11/2021 11/04/2017 Books 3 08/11/2021
    Dewey Decimal Classification       PHARMACY SGT FA-FP Library SGT FA-FP Library Text Book 30/05/2017 AHUJA PUB 850.00 SGTU 8043 616.01 M17P FP2342 09/02/2022 11/04/2017 Books 7 06/01/2022
    Dewey Decimal Classification       PHARMACY SGT FA-FP Library SGT FA-FP Library Text Book 30/05/2017 AHUJA PUB 850.00 SGTU 8043 616.01 M17P FP2343 30/09/2021 11/04/2017 Books 3 23/09/2021